000 00810nam a22002537a 4500
005 20170123162319.0
010 _aB-306147
020 _c250.00
_a9788190646116
035 _aB-306147
037 _bCen Lib/Ret
040 _aDPL
_bUR
082 _aن
_bا ے م
100 _aایم طاہر تنویر
_9615
245 _aچاہت کے رنگ :
_cایم طاہر تنویر
246 _aChaht ke rang /
_bby M. Tahir Tanveeri
260 _bتخلیکر پبلشرس
_aدہلی
_c2008
270 _a١٠٤/ب، یاور منزل لکشمی نگر
_bدہلی
_e110092
300 _a301p.
_c21cm(Hb)
650 _aاردو ادب
_9116068
650 _aاردو ناول
_9547
650 _aUrdu literature
_9116069
650 _aUrdu novel
_9116070
942 _2ddc
_cUR
_hن
_mا ے م
999 _c106922
_d106922